[Event "NB II. Szechenyi csoport"]
[Site "Szombathely"]
[Date "2024.03.10"]
[Round "6.2"]
[White "Kiss, Robert"]
[Black "Dekany, Lajos"]
[Result "1-0"]
[WhiteElo "2015"]
[BlackElo "1940"]
[PlyCount "63"]
[EventDate "2023.10.08"]
[EventType "team-tourn"]
[EventRounds "9"]
[EventCountry "HUN"]
[Source "chess.hu"]
[WhiteTeam "Arboretum Hereny SE"]
[BlackTeam "Sakkbaratok Kisber-Aszar I."]
[WhiteTeamCountry "HUN"]
[BlackTeamCountry "HUN"]

1. d4 f5 2. c4 Nf6 3. Nc3 g6 4. g3 Bg7 5. Bg2 O-O 6. e3 d6 7. Nge2 Qe8 8. O-O
e5 9. dxe5 dxe5 10. e4 Be6 11. Nd5 Nxd5 12. cxd5 Bc8 13. Qb3 Kh8 14. Be3 Nd7
15. Rac1 fxe4 16. Rxc7 b6 17. Rfc1 Nf6 18. Nc3 Qd8 19. Nxe4 Nxd5 20. Rxc8 Rxc8
21. Rxc8 Qxc8 22. Qxd5 Rd8 23. Qb3 h6 24. Nc3 Qd7 25. Be4 Kh7 26. Kg2 h5 27.
Bg5 Rf8 28. Nd5 Qg4 29. Qe3 Qd7 30. h4 Qf7 31. Ne7 Qxa2 32. Nxg6 1-0

[Event "NB II. Szechenyi csoport"]
[Site "Szombathely"]
[Date "2024.03.10"]
[Round "6.3"]
[White "Somody, Robert"]
[Black "Horvath, Tibor"]
[Result "1-0"]
[WhiteElo "2016"]
[BlackElo "1905"]
[PlyCount "73"]
[EventDate "2023.10.08"]
[EventType "team-tourn"]
[EventRounds "9"]
[EventCountry "HUN"]
[Source "chess.hu"]
[WhiteTeam "Sakkbaratok Kisber-Aszar I."]
[BlackTeam "Arboretum Hereny SE"]
[WhiteTeamCountry "HUN"]
[BlackTeamCountry "HUN"]

1. d4 Nf6 2. Bf4 d5 3. e3 c5 4. c3 Nc6 5. Nd2 Qb6 6. Qb3 c4 7. Qc2 Nh5 8. Bg5
h6 9. Bh4 g5 10. Be2 Nf6 11. Bg3 h5 12. h4 g4 13. b3 cxb3 14. axb3 Bd7 15. Bd3
Rc8 16. Qa2 Bg7 17. Ne2 a6 18. O-O e6 19. e4 dxe4 20. Nxe4 Nxe4 21. Bxe4 Ne7
22. Rad1 Bc6 23. Bb1 Nd5 24. c4 Nf6 25. Be5 Qd8 26. d5 exd5 27. cxd5 Bb5 28.
Rfe1 Bxe2 29. Qxe2 O-O 30. Qd3 Re8 31. Re3 Qb6 32. Rde1 Red8 33. d6 Qb5 34. Qd4
Ne8 35. Qe4 Nxd6 36. Qh7+ Kf8 37. Bxg7# 1-0

[Event "NB II. Szechenyi csoport"]
[Site "Szombathely"]
[Date "2024.03.10"]
[Round "6.4"]
[White "Tako, Helga"]
[Black "Gonczol, Gabor"]
[Result "1-0"]
[WhiteElo "1923"]
[BlackElo "1969"]
[PlyCount "157"]
[EventDate "2023.10.08"]
[EventType "team-tourn"]
[EventRounds "9"]
[EventCountry "HUN"]
[Source "chess.hu"]
[WhiteTeam "Arboretum Hereny SE"]
[BlackTeam "Sakkbaratok Kisber-Aszar I."]
[WhiteTeamCountry "HUN"]
[BlackTeamCountry "HUN"]

1. e4 c5 2. Nf3 Nc6 3. b3 d6 4. Bb2 Nf6 5. Nc3 e5 6. a4 Be7 7. Bc4 O-O 8. O-O
Bg4 9. Be2 Qd7 10. d3 Rac8 11. Re1 Rfd8 12. h3 Be6 13. Bf1 Nd4 14. Rc1 a6 15.
Nxd4 cxd4 16. Ne2 d5 17. exd5 Nxd5 18. Ng3 f6 19. Qf3 Bb4 20. Red1 Rc6 21. Nh5
Rdc8 22. g4 g6 23. Nxf6+ Nxf6 24. Qxf6 Bxg4 25. Qxe5 Re8 26. Qxd4 Qxd4 27. Bxd4
Bxd1 28. Rxd1 Rxc2 29. Bg2 Re7 30. Bd5+ Kf8 31. Bc4 Ree2 32. Rf1 Bc3 33. Be3
Re1 34. Rxe1 Bxe1 35. Kg2 Bc3 36. Kf3 Kg7 37. d4 Rb2 38. Ke4 b5 39. axb5 axb5
40. Bxb5 Rxb3 41. Bc4 Rb2 42. Be6 Kf6 43. d5 Rb4+ 44. Kd3 Be5 45. Bc5 Rb3+ 46.
Ke2 g5 47. Be3 h5 48. f3 Rb2+ 49. Kd3 Rb3+ 50. Ke2 Bf4 51. Bd4+ Ke7 52. Bc5+
Kd8 53. Bf7 Rb2+ 54. Kd3 Rh2 55. Bxh5 Rxh3 56. Bg4 Rh1 57. Ke4 Re1+ 58. Kd3 Kc7
59. Be6 Kb7 60. Bg4 Ka6 61. Bf2 Rd1+ 62. Kc4 Rc1+ 63. Kd3 Kb5 64. Bd7+ Kb4 65.
Be6 Rc3+ 66. Ke4 Rc2 67. Bb6 Kc3 68. Bd4+ Kd2 69. Bf6 Rc1 70. Kf5 Rg1 71. Be5
Ke3 72. d6 Bxe5 73. Kxe5 Kxf3 74. Bd5+ Kf2 75. d7 Re1+ 76. Kd6 g4 77. d8=Q g3
78. Qf6+ Kg1 79. Qf3 1-0

[Event "NB II. Szechenyi csoport"]
[Site "Szombathely"]
[Date "2024.03.10"]
[Round "6.5"]
[White "Farkas, Ferenc"]
[Black "Ori, Tamas"]
[Result "1/2-1/2"]
[WhiteElo "1881"]
[BlackElo "1922"]
[PlyCount "33"]
[EventDate "2023.10.08"]
[EventType "team-tourn"]
[EventRounds "9"]
[EventCountry "HUN"]
[Source "chess.hu"]
[WhiteTeam "Sakkbaratok Kisber-Aszar I."]
[BlackTeam "Arboretum Hereny SE"]
[WhiteTeamCountry "HUN"]
[BlackTeamCountry "HUN"]

1. d4 Nf6 2. Nf3 g6 3. c4 Bg7 4. g3 O-O 5. Bg2 c6 6. O-O d5 7. cxd5 cxd5 8. Ne5
Nbd7 9. Nc3 e6 10. Nxd7 Bxd7 11. Qb3 Bc6 12. Bg5 Qa5 13. Bf4 Nd7 14. e3 Rac8
15. Rfc1 Rfe8 16. Bd6 Qd8 17. Ba3 1/2-1/2

[Event "NB II. Szechenyi csoport"]
[Site "Szombathely"]
[Date "2024.03.10"]
[Round "6.6"]
[White "Arany, Tamas"]
[Black "Erdei, Lajos Jr"]
[Result "0-1"]
[WhiteElo "1894"]
[BlackElo "1943"]
[PlyCount "54"]
[EventDate "2023.10.08"]
[EventType "team-tourn"]
[EventRounds "9"]
[EventCountry "HUN"]
[Source "chess.hu"]
[WhiteTeam "Arboretum Hereny SE"]
[BlackTeam "Sakkbaratok Kisber-Aszar I."]
[WhiteTeamCountry "HUN"]
[BlackTeamCountry "HUN"]

1. e4 d5 2. exd5 Nf6 3. Nc3 Nxd5 4. Nxd5 Qxd5 5. d4 e5 6. dxe5 Qxd1+ 7. Kxd1
Bc5 8. f4 O-O 9. Nf3 Nc6 10. Bd3 Rd8 11. a3 Bf5 12. Ke2 Bg4 13. Be3 Nd4+ 14.
Kf2 Bxf3 15. gxf3 Nxc2 16. Bxc2 Rd2+ 17. Kg3 Bxe3 18. Rac1 Rd4 19. Rcd1 Bxf4+
20. Kg2 Bxe5 21. Rxd4 Bxd4 22. b3 Rd8 23. Be4 b6 24. Rd1 Kf8 25. Re1 Bc5 26. a4
Rd2+ 27. Kg3 Bf2+ 0-1

[Event "NB II. Szechenyi csoport"]
[Site "Szombathely"]
[Date "2024.03.10"]
[Round "6.7"]
[White "Redl, Tibor"]
[Black "Foki, Robert"]
[Result "1-0"]
[WhiteElo "1939"]
[BlackElo "1792"]
[PlyCount "51"]
[EventDate "2023.10.08"]
[EventType "team-tourn"]
[EventRounds "9"]
[EventCountry "HUN"]
[Source "chess.hu"]
[WhiteTeam "Sakkbaratok Kisber-Aszar I."]
[BlackTeam "Arboretum Hereny SE"]
[WhiteTeamCountry "HUN"]
[BlackTeamCountry "HUN"]

1. f4 e5 2. fxe5 d6 3. exd6 Bxd6 4. Nf3 Bg4 5. e3 Nd7 6. d3 Ne5 7. Nbd2 Nf6 8.
Be2 Nd5 9. Ne4 Bxf3 10. Nxd6+ Qxd6 11. Bxf3 O-O-O 12. O-O Nf6 13. b3 h5 14. Qe1
Rde8 15. Qg3 Kb8 16. Bb2 Nxf3+ 17. Rxf3 Qc5 18. c4 Ng4 19. Bd4 Qe7 20. h3 Ne5
21. Bxe5 Qxe5 22. Raf1 f6 23. Qxg7 Qc5 24. d4 Qa3 25. Qxf6 Qxa2 26. Qxh8 1-0

[Event "NB II. Szechenyi csoport"]
[Site "Szombathely"]
[Date "2024.03.10"]
[Round "6.8"]
[White "Kiss, Laszlo"]
[Black "Malomsoki, Laszlo"]
[Result "0-1"]
[WhiteElo "1825"]
[BlackElo "1794"]
[PlyCount "86"]
[EventDate "2023.10.08"]
[EventType "team-tourn"]
[EventRounds "9"]
[EventCountry "HUN"]
[Source "chess.hu"]
[WhiteTeam "Arboretum Hereny SE"]
[BlackTeam "Sakkbaratok Kisber-Aszar I."]
[WhiteTeamCountry "HUN"]
[BlackTeamCountry "HUN"]

1. e4 c5 2. Nf3 e6 3. d4 cxd4 4. Nxd4 a6 5. a4 Nc6 6. Be3 Nf6 7. Nd2 d5 8. Nxc6
bxc6 9. Bd3 Qc7 10. O-O Bd6 11. g3 c5 12. f3 Bb7 13. Kg2 c4 14. Be2 Rd8 15. Qe1
Bb4 16. c3 Ba5 17. Qf2 h6 18. Bd4 e5 19. Be3 O-O 20. exd5 Bxd5 21. h3 Qc6 22.
g4 Bc7 23. a5 Rb8 24. Rfb1 Qe6 25. Ra4 g5 26. Bxc4 Rfd8 27. Bxa6 Qxa6 28. b4
Qd3 29. Rc1 e4 30. Bd4 exf3+ 31. Kg1 Ne4 32. Nxe4 Bxe4 33. Ra2 Bf4 34. Re1 Bd5
35. Rb2 Re8 36. Qf1 Rxe1 37. Qxe1 Bc6 38. Qf1 Qe4 39. Bf2 Re8 40. Rb1 Be3 41.
Rb2 Bd5 42. Bxe3 Qxe3+ 43. Rf2 Qxc3 0-1

[Event "NB II. Szechenyi csoport"]
[Site "Szombathely"]
[Date "2024.03.10"]
[Round "6.9"]
[White "Sarok, Peter Jr"]
[Black "Marton, Zoltan"]
[Result "0-1"]
[WhiteElo "1734"]
[BlackElo "1705"]
[PlyCount "92"]
[EventDate "2023.10.08"]
[EventType "team-tourn"]
[EventRounds "9"]
[EventCountry "HUN"]
[Source "chess.hu"]
[WhiteTeam "Sakkbaratok Kisber-Aszar I."]
[BlackTeam "Arboretum Hereny SE"]
[WhiteTeamCountry "HUN"]
[BlackTeamCountry "HUN"]

1. d4 Nf6 2. Nf3 e6 3. c4 d5 4. Nc3 Bb4 5. Bg5 O-O 6. e3 h6 7. Bh4 b6 8. cxd5
exd5 9. Bd3 Bg4 10. O-O Bxc3 11. bxc3 Qd6 12. h3 Bh5 13. g4 Bg6 14. Bxg6 fxg6
15. Ne5 g5 16. Bg3 Ne4 17. Qd3 Nxg3 18. fxg3 Nd7 19. e4 Nxe5 20. dxe5 Qc5+ 21.
Qd4 Qxd4+ 22. cxd4 dxe4 23. Rae1 Rxf1+ 24. Kxf1 Rf8+ 25. Kg2 Rf3 26. Rxe4 Ra3
27. Re2 Rd3 28. e6 Kf8 29. e7+ Ke8 30. Re4 Rd2+ 31. Kf3 Rxa2 32. h4 Ra3+ 33.
Ke2 Rxg3 34. hxg5 h5 35. gxh5 Rxg5 36. Kd3 Rxh5 37. Kc4 b5+ 38. Kb4 a6 39. Ka5
Rh6 40. Rg4 Kxe7 41. Rxg7+ Kd8 42. Rg8+ Kd7 43. Rb8 Rb6 44. Rh8 b4 45. Rh2 b3
46. Rb2 Kd6 0-1

[Event "NB II. Szechenyi csoport"]
[Site "Szombathely"]
[Date "2024.03.10"]
[Round "6.10"]
[White "Jokai, Bence"]
[Black "Balazsi-Schmidt, Csaba"]
[Result "1-0"]
[WhiteElo "1750"]
[BlackElo "1662"]
[PlyCount "117"]
[EventDate "2023.10.08"]
[EventType "team-tourn"]
[EventRounds "9"]
[EventCountry "HUN"]
[Source "chess.hu"]
[WhiteTeam "Arboretum Hereny SE"]
[BlackTeam "Sakkbaratok Kisber-Aszar I."]
[WhiteTeamCountry "HUN"]
[BlackTeamCountry "HUN"]

1. e4 e5 2. Nf3 Nc6 3. d4 exd4 4. Nxd4 d6 5. Nc3 Nf6 6. Be2 Be7 7. O-O O-O 8.
f4 Nxd4 9. Qxd4 b6 10. Kh1 Bb7 11. Bf3 Qd7 12. Be3 Rad8 13. Qd3 Rfe8 14. e5
Bxf3 15. exf6 Bxg2+ 16. Kxg2 Bxf6 17. h3 d5 18. Bf2 c5 19. Rae1 d4 20. Rxe8+
Rxe8 21. Nd1 Qc6+ 22. Qf3 Qa4 23. Re1 Rxe1 24. b3 Qe8 25. Bxe1 h6 26. Bd2 Qc8
27. Nf2 Qa6 28. a4 Be7 29. Qe4 Bf6 30. Qe8+ Kh7 31. Be1 Qb7+ 32. Qe4+ Qxe4+ 33.
Nxe4 Be7 34. Kf3 Kg6 35. Kg4 h5+ 36. Kf3 Kf5 37. Ng3+ Kg6 38. Ke4 Bd8 39. Bd2
h4 40. f5+ Kh7 41. Ne2 g6 42. fxg6+ Kxg6 43. b4 Be7 44. bxc5 bxc5 45. Nf4+ Kg7
46. Nd5 Bf8 47. Bg5 Kg6 48. Bxh4 f5+ 49. Kd3 Kh5 50. Be1 Bd6 51. Nf6+ Kg6 52.
Nd7 Kg5 53. Kc4 Kf4 54. Nxc5 Ke3 55. Nd3 Ke2 56. Kxd4 f4 57. c4 f3 58. Bh4 Bh2
59. c5 1-0

[Event "NB II. Szechenyi csoport"]
[Site "Szombathely"]
[Date "2024.03.10"]
[Round "6.11"]
[White "Bari, Sandor"]
[Black "Bodorkos, Ferenc"]
[Result "1-0"]
[WhiteElo "1669"]
[BlackElo "1735"]
[PlyCount "49"]
[EventDate "2023.10.08"]
[EventType "team-tourn"]
[EventRounds "9"]
[EventCountry "HUN"]
[Source "chess.hu"]
[WhiteTeam "Sakkbaratok Kisber-Aszar I."]
[BlackTeam "Arboretum Hereny SE"]
[WhiteTeamCountry "HUN"]
[BlackTeamCountry "HUN"]

1. e4 e5 2. Nf3 d6 3. d4 exd4 4. Nxd4 h6 5. Be3 Nf6 6. Nc3 Nbd7 7. Bc4 Ne5 8.
Bb3 a6 9. f4 Ng6 10. Qd2 b5 11. Nc6 Qd7 12. e5 Ng4 13. O-O-O dxe5 14. Qe2 Bd6
15. fxe5 O-O 16. exd6 Re8 17. Ne7+ Kh7 18. Bxf7 Rxe7 19. Bxg6+ Kh8 20. dxe7
Qxe7 21. Bc5 Qg5+ 22. Kb1 Qxg6 23. Qf3 c6 24. Rd8+ Kh7 25. Qf8 1-0

[Event "NB II. Szechenyi csoport"]
[Site "Keszthely"]
[Date "2024.04.07"]
[Round "7.1"]
[White "Horvath, Tibor"]
[Black "Pinterne, Kovacs Marta"]
[Result "1-0"]
[WhiteElo "1910"]
[BlackElo "2065"]
[PlyCount "77"]
[EventDate "2023.10.08"]
[EventType "team-tourn"]
[EventRounds "9"]
[EventCountry "HUN"]
[Source "chess.hu"]
[WhiteTeam "Arboretum Hereny SE"]
[BlackTeam "Spartacus Sportkor"]
[WhiteTeamCountry "HUN"]
[BlackTeamCountry "HUN"]

1. d4 d5 2. c4 e6 3. Nc3 f5 4. Bf4 c6 5. Nf3 Nf6 6. e3 Bb4 7. Bd3 Qa5 8. Qb3
dxc4 9. Bxc4 Nd5 10. O-O Bxc3 11. bxc3 O-O 12. Ne5 Qd8 13. h3 Nd7 14. a4 g5 15.
Bh2 N7f6 16. Bd3 Qe7 17. c4 Nb4 18. c5 Nxd3 19. Qxd3 Rd8 20. a5 Nd5 21. a6 Nb4
22. axb7 Bxb7 23. Qb3 a5 24. Rfb1 Ra7 25. Nc4 Rda8 26. Bd6 Qf7 27. Rxa5 Rxa5
28. Nxa5 Rxa5 29. Qxb4 Rb5 30. Qe1 Ba6 31. Ra1 Qb7 32. Qd1 Rb2 33. Qh5 Rb1+ 34.
Rxb1 Qxb1+ 35. Kh2 g4 36. Qe8+ Kg7 37. Bf8+ Kf6 38. Qe7+ Kg6 39. Qg7+ 1-0

[Event "NB II. Szechenyi csoport"]
[Site "Keszthely"]
[Date "2024.04.07"]
[Round "7.2"]
[White "Rezsek, Gyozo"]
[Black "Finy, Mark"]
[Result "1/2-1/2"]
[WhiteElo "2000"]
[BlackElo "1954"]
[PlyCount "37"]
[EventDate "2023.10.08"]
[EventType "team-tourn"]
[EventRounds "9"]
[EventCountry "HUN"]
[Source "chess.hu"]
[WhiteTeam "Spartacus Sportkor"]
[BlackTeam "Arboretum Hereny SE"]
[WhiteTeamCountry "HUN"]
[BlackTeamCountry "HUN"]

1. d4 d5 2. c4 e6 3. Nf3 Nf6 4. Nc3 c6 5. cxd5 exd5 6. Qc2 Bd6 7. Bg5 Nbd7 8.
e3 O-O 9. Bd3 h6 10. Bh4 Re8 11. Bg3 Nf8 12. Bxd6 Qxd6 13. h3 a5 14. O-O b6 15.
Na4 N8d7 16. Rac1 Bb7 17. Qb3 Ba6 18. Bxa6 Rxa6 19. Qd3 1/2-1/2

[Event "NB II. Szechenyi csoport"]
[Site "Keszthely"]
[Date "2024.04.07"]
[Round "7.3"]
[White "Ori, Tamas"]
[Black "Rozsa, Peter"]
[Result "1/2-1/2"]
[WhiteElo "1921"]
[BlackElo "2048"]
[PlyCount "137"]
[EventDate "2023.10.08"]
[EventType "team-tourn"]
[EventRounds "9"]
[EventCountry "HUN"]
[Source "chess.hu"]
[WhiteTeam "Arboretum Hereny SE"]
[BlackTeam "Spartacus Sportkor"]
[WhiteTeamCountry "HUN"]
[BlackTeamCountry "HUN"]

1. e4 e6 2. d4 d5 3. e5 b6 4. Nf3 Ne7 5. Bd3 Ba6 6. Bxa6 Nxa6 7. a3 c5 8. c3
Qd7 9. Qe2 Nc7 10. O-O Nc6 11. Be3 Be7 12. Rd1 c4 13. Nbd2 O-O 14. Ne1 f5 15.
f4 b5 16. Nef3 a5 17. Qe1 b4 18. axb4 axb4 19. Rxa8 Rxa8 20. Ra1 Qd8 21. Nf1
Rxa1 22. Qxa1 Qa8 23. Qxa8+ Nxa8 24. Bd2 h6 25. Kf2 Nb6 26. Ne3 Na4 27. Nd1 b3
28. Bc1 Na7 29. Ng1 Nb5 30. Ne2 Kf7 31. g3 g5 32. Kf3 Kg6 33. Kg2 Bd8 34. Kf3
Be7 35. Kg2 Nc7 36. Kf3 Ne8 37. Kg2 Ng7 38. Kf3 Nh5 39. Kg2 gxf4 40. gxf4 Bh4
41. Kh3 Be1 42. Kg2 Ng7 43. Kf1 Bh4 44. Kg2 Nb6 45. Kh3 Kh5 46. Bd2 Nd7 47. Kg2
Nf8 48. Kf3 Kg6 49. Kg2 Kf7 50. Kh3 Ng6 51. Kg2 Nh5 52. Kf3 Be7 53. Kg2 Nh4+
54. Kf2 Ng7 55. Ng3 Ne8 56. Ne2 Nc7 57. Ng3 Nb5 58. Bc1 Na7 59. Ne2 Nc6 60. Ng3
Bd8 61. Ne2 Ne7 62. Kg3 Ng8 63. Kf2 h5 64. Ng3 Kg6 65. h3 Kh6 66. Ne2 Ng6 67.
Bd2 N8e7 68. Kg3 Nc6 69. Kf3 1/2-1/2

[Event "NB II. Szechenyi csoport"]
[Site "Keszthely"]
[Date "2024.04.07"]
[Round "7.4"]
[White "Nemeth, Zsolt"]
[Black "Gabor, Attila"]
[Result "1-0"]
[WhiteElo "1982"]
[BlackElo "1875"]
[PlyCount "111"]
[EventDate "2023.10.08"]
[EventType "team-tourn"]
[EventRounds "9"]
[EventCountry "HUN"]
[Source "chess.hu"]
[WhiteTeam "Spartacus Sportkor"]
[BlackTeam "Arboretum Hereny SE"]
[WhiteTeamCountry "HUN"]
[BlackTeamCountry "HUN"]

1. e4 e5 2. Nf3 Nc6 3. Nc3 Nf6 4. d4 exd4 5. Nxd4 d6 6. Bb5 Bd7 7. O-O Be7 8.
Nxc6 bxc6 9. Bc4 O-O 10. Bf4 Be6 11. Bb3 Nd7 12. Ne2 Nc5 13. Nd4 Bd7 14. Re1
Nxb3 15. axb3 Bf6 16. e5 dxe5 17. Bxe5 Bxe5 18. Rxe5 Qb8 19. Qf3 Qb6 20. Qc3
Rfe8 21. Rae1 c5 22. Nf5 Rxe5 23. Qxe5 Qf6 24. Ne7+ Kf8 25. Qxc5 Qd6 26. Qxd6
cxd6 27. Nd5 Be6 28. Nc7 Rc8 29. Nxe6+ fxe6 30. c3 Ke7 31. Ra1 Rc7 32. f3 Rb7
33. b4 d5 34. Kf2 Kf6 35. Ke3 Rc7 36. Ra5 h5 37. Rc5 Rf7 38. b3 g5 39. h3 Ke5
40. Rc8 Rg7 41. Rh8 h4 42. Rf8 Rc7 43. Kd3 Rg7 44. Rd8 Kf4 45. Ke2 Kg3 46. c4
Kxg2 47. cxd5 Kxh3 48. Kf2 Kh2 49. dxe6 Rc7 50. Rg8 Rc2+ 51. Ke3 Rc3+ 52. Ke4
Rc1 53. Rxg5 Re1+ 54. Kf5 Rg1 55. Rxg1 Kxg1 56. Kg4 1-0

[Event "NB II. Szechenyi csoport"]
[Site "Keszthely"]
[Date "2024.04.07"]
[Round "7.5"]
[White "Foki, Robert"]
[Black "Szakaly, Laszlo"]
[Result "1-0"]
[WhiteElo "1792"]
[BlackElo "1916"]
[PlyCount "109"]
[EventDate "2023.10.08"]
[EventType "team-tourn"]
[EventRounds "9"]
[EventCountry "HUN"]
[Source "chess.hu"]
[WhiteTeam "Arboretum Hereny SE"]
[BlackTeam "Spartacus Sportkor"]
[WhiteTeamCountry "HUN"]
[BlackTeamCountry "HUN"]

1. f4 e5 2. fxe5 d6 3. Nf3 dxe5 4. Nc3 Nf6 5. Nxe5 Bd6 6. d4 c5 7. e4 O-O 8.
Be2 cxd4 9. Qxd4 Qe7 10. Nd3 Nc6 11. Qe3 Re8 12. O-O Ne5 13. Kh1 Nfg4 14. Nd5
Qh4 15. Qg3 Qxg3 16. hxg3 Nxd3 17. Bxd3 Bxg3 18. Bf4 Nf2+ 19. Rxf2 Bxf2 20. Nc7
Be6 21. Nxa8 Rxa8 22. Rf1 Bb6 23. b3 Rd8 24. g3 h6 25. Kg2 Rd7 26. Kf3 Bc7 27.
Be3 a6 28. a4 Be5 29. Rb1 g5 30. g4 Kg7 31. b4 Kf6 32. b5 axb5 33. Rxb5 Bd4 34.
Bc1 Ke7 35. Ba3+ Kd8 36. Bf8 Bf6 37. Bxh6 Kc7 38. Bxg5 Bxg5 39. Rxg5 Rd4 40. a5
Ra4 41. Re5 Ra2 42. g5 Kd6 43. Rb5 Kc6 44. Rb6+ Kc7 45. Rb5 Ra1 46. Kf4 Rg1 47.
Ke3 Kc6 48. Kd4 Ra1 49. Ke5 Rg1 50. Kf6 Rg3 51. Ke7 Rg1 52. Re5 Rg2 53. Bb5+
Kc7 54. Rc5+ Kb8 55. Be8 1-0

[Event "NB II. Szechenyi csoport"]
[Site "Keszthely"]
[Date "2024.04.07"]
[Round "7.7"]
[White "Marton, Zoltan"]
[Black "Bezsenyi, Ferenc"]
[Result "1-0"]
[WhiteElo "1716"]
[BlackElo "1809"]
[PlyCount "109"]
[EventDate "2023.10.08"]
[EventType "team-tourn"]
[EventRounds "9"]
[EventCountry "HUN"]
[Source "chess.hu"]
[WhiteTeam "Arboretum Hereny SE"]
[BlackTeam "Spartacus Sportkor"]
[WhiteTeamCountry "HUN"]
[BlackTeamCountry "HUN"]

1. e4 c5 2. Nf3 Nc6 3. Nc3 d6 4. d4 cxd4 5. Nxd4 Nf6 6. Bb5 Bd7 7. O-O a6 8.
Bxc6 bxc6 9. Bg5 e5 10. Nf5 Bxf5 11. exf5 d5 12. Re1 Qd6 13. Bxf6 Qxf6 14. Nxd5
cxd5 15. Qxd5 Rd8 16. Rxe5+ Be7 17. Qe4 O-O 18. Rxe7 Qxb2 19. Re1 Qxa2 20. f6
Qb2 21. fxg7 Qxg7 22. Qc6 Qg6 23. Qa4 Rd2 24. c3 Qf6 25. Qg4+ Qg6 26. Qf4 Rfd8
27. h3 Rd1 28. Kh2 Rxe1 29. Rxe1 Qd6 30. Kg3 Qg6+ 31. Kh2 Qd6 32. Qxd6 Rxd6 33.
Rc1 a5 34. c4 Rc6 35. Kg3 a4 36. Kf3 a3 37. Ke4 a2 38. Kd5 Ra6 39. Ra1 Kf8 40.
c5 Ke7 41. Kc4 Kd7 42. Kb3 Kc6 43. Rxa2 Rxa2 44. Kxa2 Kxc5 45. Kb2 Kd4 46. Kc2
Ke4 47. Kd2 f5 48. Ke2 f4 49. f3+ Kf5 50. Kf2 h5 51. g4+ Kg5 52. Ke2 Kh4 53.
Kd3 Kg5 54. Ke4 h4 55. Ke5 1-0

[Event "NB II. Szechenyi csoport"]
[Site "Keszthely"]
[Date "2024.04.07"]
[Round "7.8"]
[White "Wegner, Bela"]
[Black "Vasenszky, Zoltan Gyorgy"]
[Result "1/2-1/2"]
[WhiteElo "1893"]
[BlackElo "1710"]
[PlyCount "44"]
[EventDate "2023.10.08"]
[EventType "team-tourn"]
[EventRounds "9"]
[EventCountry "HUN"]
[Source "chess.hu"]
[WhiteTeam "Spartacus Sportkor"]
[BlackTeam "Arboretum Hereny SE"]
[WhiteTeamCountry "HUN"]
[BlackTeamCountry "HUN"]

1. e4 e6 2. d4 d5 3. Nc3 dxe4 4. Nxe4 Nd7 5. Nf3 Ngf6 6. Bg5 Be7 7. Bxf6 Nxf6
8. Bd3 O-O 9. O-O Nxe4 10. Bxe4 c5 11. dxc5 Bxc5 12. Qxd8 Rxd8 13. Rad1 Rf8 14.
Ne5 Rb8 15. Rd2 Be7 16. Rfd1 Bf6 17. f4 a5 18. b3 Bxe5 19. fxe5 b6 20. Rd8 Ba6
21. Rxb8 Rxb8 22. Rd6 g6 1/2-1/2

[Event "NB II. Szechenyi csoport"]
[Site "Keszthely"]
[Date "2024.04.07"]
[Round "7.9"]
[White "Bodorkos, Ferenc"]
[Black "Gyorfi, Norbert"]
[Result "1/2-1/2"]
[WhiteElo "1723"]
[BlackElo "1786"]
[PlyCount "27"]
[EventDate "2023.10.08"]
[EventType "team-tourn"]
[EventRounds "9"]
[EventCountry "HUN"]
[Source "chess.hu"]
[WhiteTeam "Arboretum Hereny SE"]
[BlackTeam "Spartacus Sportkor"]
[WhiteTeamCountry "HUN"]
[BlackTeamCountry "HUN"]

1. d4 d5 2. c4 dxc4 3. e3 e5 4. Nf3 exd4 5. Qxd4 Bb4+ 6. Bd2 Qxd4 7. Nxd4 Bxd2+
8. Nxd2 Bd7 9. Bxc4 Nc6 10. Nb5 Rc8 11. O-O Nf6 12. Rfd1 a6 13. Nc3 Ne5 14. Be2
1/2-1/2

[Event "NB II. Szechenyi csoport"]
[Site "Keszthely"]
[Date "2024.04.07"]
[Round "7.10"]
[White "Vajda, Lajos"]
[Black "Szalay, Istvan"]
[Result "0-1"]
[WhiteElo "1838"]
[BlackElo "1635"]
[PlyCount "82"]
[EventDate "2023.10.08"]
[EventType "team-tourn"]
[EventRounds "9"]
[EventCountry "HUN"]
[Source "chess.hu"]
[WhiteTeam "Spartacus Sportkor"]
[BlackTeam "Arboretum Hereny SE"]
[WhiteTeamCountry "HUN"]
[BlackTeamCountry "HUN"]

1. c4 e5 2. Nc3 Nf6 3. g3 Bc5 4. Bg2 c6 5. e3 O-O 6. Nge2 d6 7. O-O Be6 8. d3
Nbd7 9. Na4 Bb6 10. Nxb6 Nxb6 11. b4 Qd7 12. a4 Bh3 13. a5 Nc8 14. Bb2 Bxg2 15.
Kxg2 Ne7 16. Qc2 Ng6 17. e4 h6 18. h3 Nh7 19. f4 exf4 20. Nxf4 Nxf4+ 21. gxf4
f5 22. e5 Qe6 23. Rf3 d5 24. c5 a6 25. Rg1 Rad8 26. d4 Rd7 27. Kh2 Rff7 28.
Rfg3 Nf8 29. Qg2 Kh7 30. h4 h5 31. Rg5 Kh6 32. Qf3 g6 33. Rxh5+ gxh5 34. Rg5
Kh7 35. Qxh5+ Qh6 36. Rxf5 Qxh5 37. Rxh5+ Kg8 38. f5 Rh7 39. Rg5+ Rdg7 40. Kg3
Rxg5+ 41. hxg5 Rh1 {...} 0-1

[Event "NB II. Szechenyi csoport"]
[Site "Keszthely"]
[Date "2024.04.07"]
[Round "7.11"]
[White "Vasenszky, Kata Sara"]
[Black "Mayer, Gabor"]
[Result "1/2-1/2"]
[WhiteElo "1531"]
[BlackElo "1783"]
[PlyCount "54"]
[EventDate "2023.10.08"]
[EventType "team-tourn"]
[EventRounds "9"]
[EventCountry "HUN"]
[Source "chess.hu"]
[WhiteTeam "Arboretum Hereny SE"]
[BlackTeam "Spartacus Sportkor"]
[WhiteTeamCountry "HUN"]
[BlackTeamCountry "HUN"]

1. d4 d5 2. c4 c6 3. Nc3 Nf6 4. Nf3 e6 5. Bg5 Be7 6. e3 b6 7. Be2 Ba6 8. Ne5
dxc4 9. Bxc4 Bxc4 10. Nxc4 O-O 11. Ne5 Nd5 12. Nxd5 cxd5 13. Bxe7 Qxe7 14. O-O
f6 15. Nf3 Rc8 16. Rc1 Nd7 17. Qd3 a5 18. Rc2 Qd8 19. Rfc1 Rxc2 20. Qxc2 g6 21.
Qc6 Kf7 22. g3 Ke7 23. g4 g5 24. Qc2 Qg8 25. Qc7 Qd8 26. Qc6 Qe8 27. Qc7 Qd8
1/2-1/2

[Event "NB II. Szechenyi csoport"]
[Site "Zalaegerszeg"]
[Date "2024.04.07"]
[Round "7.1"]
[White "Gyarmati, Janos"]
[Black "Boronyak, Arpad"]
[Result "1-0"]
[WhiteElo "2031"]
[BlackElo "2069"]
[PlyCount "105"]
[EventDate "2023.10.08"]
[EventType "team-tourn"]
[EventRounds "9"]
[EventCountry "HUN"]
[Source "chess.hu"]
[WhiteTeam "Tapolca Varosi SE II"]
[BlackTeam "Z. Baki Agrocentrum"]
[WhiteTeamCountry "HUN"]
[BlackTeamCountry "HUN"]

1. e4 e6 2. d4 d5 3. exd5 exd5 4. Nf3 Bg4 5. Qe2+ Qe7 6. Qxe7+ Bxe7 7. Ne5 Bf5
8. Bd3 Bxd3 9. Nxd3 Nf6 10. Bf4 Nc6 11. c3 O-O-O 12. Nd2 Ne4 13. f3 Nd6 14.
O-O-O g5 15. Bxd6 Bxd6 16. Rdf1 Rde8 17. f4 Re3 18. Ne5 Rg8 19. Nxf7 gxf4 20.
Nxd6+ cxd6 21. Rf2 Ne7 22. Nf3 Ng6 23. Kd2 Rge8 24. Ne1 R3e4 25. Nd3 R8e7 26.
Nb4 Rf7 27. Nxd5 Rf5 28. Nb4 Kd7 29. Nd3 Ne7 30. Re1 Rxe1 31. Kxe1 Nd5 32. Kd2
Rg5 33. b3 b5 34. c4 bxc4 35. bxc4 Nf6 36. Kc2 Ng4 37. Rxf4 Nxh2 38. Rf7+ Ke8
39. Rxh7 Rxg2+ 40. Kb3 Nf3 41. d5 a5 42. c5 dxc5 43. d6 Rg5 44. Kc4 Nd2+ 45.
Kb5 Rd5 46. Kc6 Rxd3 47. d7+ Kd8 48. Rh8+ Ke7 49. Re8+ Kf6 50. d8=Q+ Rxd8 51.
Rxd8 Ne4 52. Kb6 c4 53. Rd4 1-0